01240nam a2200241Ia 450000100060000000300090000600800410001504000130005604000130006904100130008210000190009510000290011424500320014324500300017525000110020526000110021626000240022726000490025130000420030050005990034265000260094165000310096724765IT-RoPAU130308s9999 xx 000 0 und d aIT-RoPAU cIT-RoPAU aITALIANO aApel Karl Otto gCodice Aut. SPICS: 11887 aComunità e comunicazione  bComunita' e Comunicazione a1a ed. aTORINO bRosenberg & Sellier c1977 [1° Ed.:1977 - Ed.Ling.Originale:1973] a"304 p. (prefazione: 32; testo: 272)" aWittgenstein e Heidegger Senso dell'Essere Sviluppo della Filosofia Analitica del Linguaggio Scienze Dello Spirito Scientistica Ermeneutica e Critica dell'ideologia Scientismo o Ermeneutica Trascendentale Soggetto dell'interpretazione dei Segni nella Semiotica del pragmatismo Comunità della Comunicazione Come Presupposto Trascendentale delle Scienze Sociali Apriori della Comunità della Comunicazione Fondamenti dell'Etica fondazione Razionale dell'Etica nell'epoca della Scienza Introduzione Alla Edizione Italiana di Gianni Vattimo Saggi Tratti Dall'Opera Transformation Der Philosophie aFILOSOFIA LINGUISTICA eCodice materia Spics: 3101